书目信息 |
| 题名: |
中国经济特区史论
|
|
| 作者: | 陶一桃 主编 | |
| 分册: | ||
| 出版信息: | 北京 社会科学文献出版社 2008.11 |
|
| 页数: | 838页 | |
| 开本: | 20cm | |
| 丛书名: | ||
| 单 册: | ||
| 中图分类: | F129.7 | |
| 科图分类: | ||
| 主题词: | 经济--中国 | |
| 电子资源: | ||
| ISBN: | 978-7-5097-0397-7 | |
| 000 | 00597nam0 2200217 45 | |
| 001 | 0936409719 | |
| 005 | 20091107100747.70 | |
| 010 | @a978-7-5097-0397-7@dCNY120.00 | |
| 100 | @a20090515d2008 ekmy0 y0120 ea | |
| 102 | @aCN@b130000 | |
| 102 | @aCN@b110000 | |
| 105 | @ay z 000yy | |
| 200 | 1 | @a中国经济特区史论@f陶一桃等主编@Ftao yi tao deng zhu bian |
| 210 | @a北京@c社会科学文献出版社@d2008.11 | |
| 215 | @a838页@d20cm | |
| 606 | 0 | @a经济@x中国 |
| 690 | @aF129.7@v4 | |
| 701 | 0 | @a陶一桃@Atao yi tao@4主编 |
| 801 | 0 | @aCN@c20091107 |
| 905 | @a10447@dF129.7@eT350 | |
| 906 | @d120@n1@r1 | |
| 中国经济特区史论/陶一桃等主编.-北京:社会科学文献出版社,2008.11 |
| 838页;20cm |
| ISBN 978-7-5097-0397-7:CNY120.00 |
| ● |
| 相关链接 |
|
|
|
正题名:中国经济特区史论
索取号:F129.7/T350
 
预约/预借
| 序号 | 登录号 | 条形码 | 馆藏地/架位号 | 状态 | 备注 |
| 1 | 895983 | 208959830 | 社科库409/409社科库 71排2列1层/ [索取号:F129.7/T350] | 在馆 |